000 03422 a2200301 4500
005 20090420142627.0
008 090306t xxu||||| |||| 00| 0 hin d
010 _aB-286525-531
020 _a8189377124
_c150.00
035 _aB-317837
035 _aB-286525-531
082 _a827
100 _aगर्ग, के.एल.
245 _aआदमी और बूट /
_cके.एल. गर्ग
260 _aदिल्ली
_bएरागॉन पब्लिशर्स एड डिस्ट्रीब्यूटर्स
_c2007
270 _aअपर ग्राउण्ड फ्लोर, 1376, कश्मीरी गेट
_bदिल्ली
_e110006
300 _a120पृ
_c22 सेमी (सजिल्द)
942 _adpl
_cHN
_k
_2ddc
_h827
_m गर्गके
999 _c12823
_d12823